| 000 | 00359nam a22001577a 4500 | ||
|---|---|---|---|
| 003 | SGT | ||
| 020 | _a9788120417175 | ||
| 082 | _a624.2,VIC | ||
| 100 | _aVICTOR,D.JOHNSON | ||
| 245 | _aESSENTIALS OF BRIDGE ENGINEERING | ||
| 250 | _a6TH | ||
| 260 |
_aNEW DELHI _bCBS PUBLISHERS _c2019 |
||
| 300 | _a480 | ||
| 650 | _aCIVIL ENGINEERING | ||
| 942 |
_2ddc _cBK |
||
| 999 |
_c21112 _d21112 |
||